000
00212nam a22000857a 4500
008
161213b xxu||||| |||| 00| 0 eng d
100
_9
2030
_a
Jain
245
_a
Science with Lab-6
260
_a
New Delhi
_b
Prachi.Ltd
_c
2015
999
_c
4906
_d
4906